000 00308nam a2200109Ia 4500
008 200302s9999 xx 000 0 und d
100 _aLlja Lrmscher
245 _aConstruction and Design Manual Parking Sturctures 2 Buildings and Projects
260 _bDom Publishing Co.,
260 _c2013
300 _a303 P.,
999 _c3157
_d3157